| 000 | 01673nam a2200397 a 4500 | ||
|---|---|---|---|
| 001 | ebr10469311 | ||
| 003 | CaPaEBR | ||
| 006 | m u | ||
| 007 | cr cn||||||||| | ||
| 008 | 100730s2011 ilu sb 000 0 eng d | ||
| 010 | _z 2010028985 | ||
| 020 | _z9780838910726 (alk. paper) | ||
| 020 | _z9780838990582 (e-book) | ||
| 040 |
_aCaPaEBR _cCaPaEBR |
||
| 035 | _a(OCoLC)713025947 | ||
| 043 | _an-us--- | ||
| 050 | 1 | 4 |
_aZ1037 _b.R542 2011eb |
| 082 | 0 | 4 |
_a011.62 _222 |
| 100 | 1 | _aReid, Rob. | |
| 245 | 1 | 0 |
_aReid's read-alouds 2 _h[electronic resource] : _bmodern-day classics from C.S. Lewis to Lemony Snicket / _cRob Reid. |
| 246 | 3 | _aReid's read-alouds two | |
| 260 |
_aChicago : _bAmerican Library Association, _c2011. |
||
| 300 | _axii, 145 p. | ||
| 504 | _aIncludes bibliographical references. | ||
| 505 | 0 | _aAuthors and titles at a glance -- The read-alouds -- Titles by decade and year -- Books by subject -- Grade-level recommendations. | |
| 533 |
_aElectronic reproduction. _bPalo Alto, Calif. : _cebrary, _d2011. _nAvailable via World Wide Web. _nAccess may be limited to ebrary affiliated libraries. |
||
| 650 | 0 |
_aChildren _xBooks and reading _zUnited States. |
|
| 650 | 0 |
_aChildren's literature _vBibliography. |
|
| 650 | 0 |
_aYoung adult literature _vBibliography. |
|
| 650 | 0 | _aOral reading. | |
| 650 | 0 |
_aChildren's libraries _xActivity programs _zUnited States. |
|
| 650 | 0 |
_aSchool libraries _xActivity programs _zUnited States. |
|
| 655 | 7 |
_aElectronic books. _2local |
|
| 710 | 2 | _aebrary, Inc. | |
| 856 | 4 | 0 |
_uhttp://site.ebrary.com/lib/rucke/Doc?id=10469311 _zAn electronic book accessible through the World Wide Web; click to view |
| 999 |
_c131706 _d131706 |
||